Normal view MARC view
  • García Roa, Modesta

Entry Nombre Personal

Number of records used in: 1

001 - NUMERO DE CONTROL

  • campo de control: 48594

003 - IDENTIFICADOR DE NUMERO DE CONTROL

  • campo de control: DLC

005 - FECHA Y HORA DE LA ÜLTIMA TRANSACCIÓN

  • campo de control: 20230328105002.0

008 - DATOS DE LONGITUD FIJA

  • campo de control de longitud fija: 091106n| acannaabn || aaa c

010 ## - NÚMERO DE CONTROL DE LA BIBLIOTECA DEL CONGRESO

  • Número de control LC: no2009178818

035 ## - NUMERO DE CONTROL

  • Número de control: (OCoLC)oca08298071

040 ## - FUENTE DE CATALOGACIÓN

  • Agencia original de catalogación: IOrQBI
  • Lenguaje de catalogación: spa
  • Agencia de transcripción: IOrQBI
  • Agencia que lo modifica: MX-MxUPN

100 1# - ENCABEZAMIENTO - NOMBRE PERSONAL

  • Nombre personal: García Roa, Modesta

670 ## - FUENTE EN LA QUE SE LOCALIZARON DATOS

  • Cita de la fuente: El libro de todo, como en Botica. II, Ciencia y conocimiento, 2008:
  • Información localizada: portada (cuidado editorial, Modesta García Roa)

670 ## - FUENTE EN LA QUE SE LOCALIZARON DATOS

  • Cita de la fuente: Anti-manual de la lengua española para un lenguaje no sexista, 2022:
  • Información localizada: portada (Modesta García Roa)

902 ## - CATALOGADOR

  • Catalogador: Víctor Ruiz/280323